El libro de los amores ridículos /

Đã lưu trong:
Chi tiết về thư mục
Tác giả chính: Kundera, Milan (autor)
Tác giả khác: Valenzuela, Fernando de (traducción) (traducción)
Định dạng: Sách
Ngôn ngữ:Tiếng Tây Ban Nha
Được phát hành: México : Tusquets, 2013, c2013
Các nhãn: Thêm thẻ
Không có thẻ, Là người đầu tiên thẻ bản ghi này!

MARC

LEADER 00000nam^a2200000^a^4500
001 000620468
005 20250912000000.0
009 20260310133840.08
020 |a 978-970-699-204-8 
037 |a Acervo ITESO - Biblioteca 
041 |a ESP 
091 |a FOB. 01538 
100 |a Kundera, Milan  |e (autor) 
245 1 3 |a El libro de los amores ridículos / 
264 4 |a México :  |b Tusquets,  |c 2013, c2013 
300 |a 318 p. 
336 |a texto  |b txt  |2 rdacontenido 
337 |a sin mediación  |b n  |2 rdamedio 
338 |a volumen  |b nc  |2 rdasoporte 
649 |a XX 
700 |a Valenzuela, Fernando de  |e (traducción) 
910 |a Fondo Carlos de Obeso Orendain 
920 |a Impresos - Libros 
930 |a Fondos Especiales 
940 |a Literatura 
905 |a 147 
901 |a 621084-10  |b IT2  |c ESP  |i D  |u 20250912 
902 |a https://opac.biblio.iteso.mx/vufind/Record/000620468